| 000 | 00373nam a22001697a 4500 | ||
|---|---|---|---|
| 003 | OSt | ||
| 005 | 20211004102957.0 | ||
| 008 | 211004b |||||||| |||| 00| 0 eng d | ||
| 020 | _a0028974727 | ||
| 040 | _cHU | ||
| 082 | _a331 | ||
| 100 |
_aCAREER _99493 |
||
| 245 | _aCAREER INGFORMATION SYSTEM | ||
| 260 |
_aUSA _bLONDON _c1996 |
||
| 300 | _a223 | ||
| 942 |
_2ddc _cBOOKS _n0 |
||
| 999 |
_c8874 _d8874 |
||